• 首页
  • 本馆介绍
  • 公告通知
  • 最新文献
  • 馆藏检索
  • 电子资源
  • 读者导购
  • 参考咨询
  • 我的图书馆
  • 登录
  • 详细信息显示
  • 放入我的书架
  • 预约/预借图书
  • 作者相关作品
  • 分类相关作品
  • 丛书相关作品
  • 出版社相关作品

书目信息

  • 表格格式
  • 工作单格式
  • 卡片格式
题名:
图书馆藏书的卫生与修复
    
 
作者: 普列奥勃拉仁斯卡娅 编 ;黄树开 译
分册:  
出版信息: 北京   书目文献出版社  1985
页数: 142页
开本: 19cm
丛书名:
单 册:
中图分类: G253.6
科图分类:
主题词: 图书馆-馆藏管理 , 图书--保护 , 馆藏管理-图书馆
电子资源:
ISBN:
000 00798nam0 2200265 45
001 0185003084
005 20060820145432.06
010    @dCNY0.75
091    @a7201.69
100    @a19900816d1985 k y0chiy0121 ea
101 1  @achi@crus
102    @aCN@b110000
105    @ay z 000yy
200 10 @a图书馆藏书的卫生与修复@Atu shu guan cang shu de wei sheng yu xiu fu@f(苏)普列奥勃拉仁斯卡娅编@g黄树开译
210    @a北京@c书目文献出版社@d1985
215    @a142页@d19cm
606    @a图书馆-馆藏管理
606    @a图书@x保护
606    @a馆藏管理-图书馆
690    @aG253.6@v3
701  1 @a普列奥勃拉仁斯卡娅@Apu lie ao bo la ren si ka ya@4编
702  0 @a黄树开@Ahuang shu kai@4译
801  2 @aCN@bNLC@c20060820
801  0 @aCN@b深圳图书馆@c20040425
905    @f2@b139900-901@dG253.6@e21
    
    图书馆藏书的卫生与修复/(苏)普列奥勃拉仁斯卡娅编/黄树开译.-北京:书目文献出版社,1985
    142页;19cm
    
    
    ISBN :CNY0.75
    
●
相关链接 在E读中查询图书 在五车中查询图书 在当当中查询图书 在豆瓣中查询图书


正题名:图书馆藏书的卫生与修复     索取号:G253.6/21         预约/预借

序号 登录号 条形码 馆藏地/架位号 状态 备注
1 0139900   000502361   密集书库/ [索取号:G253.6/21] 在馆    
2 0139901   000502398   密集书库/ [索取号:G253.6/21] 在馆    
3 0139902   000502370   第一样本阅览室/ [索取号:G253.6/21] 在馆    
4 0471670   204716708   密集书库/ [索取号:G253.6/21] 在馆    
唐山师范学院图书馆 欢迎您!
大连网信软件有限公司© 版权所有